[Event "Niedersachsen-ch op-B"]
[Site "Verden"]
[Date "2015.01.04"]
[Round "5"]
[White "Kiesel, Lucas"]
[Black "Rossberg, Justus"]
[Result "1/2-1/2"]
[WhiteElo "1581"]
[BlackElo "1335"]
[PlyCount "113"]
[EventDate "2015.01.02"]
[EventType "swiss"]
[EventRounds "7"]
[EventCountry "GER"]
[SourceTitle "EXT 2018"]
[Source "ChessBase"]
[SourceDate "2017.10.13"]
[SourceVersion "1"]
[SourceVersionDate "2017.10.13"]
[SourceQuality "1"]

1. Nf3 Nf6 2. g3 c5 3. Bg2 g6 4. 0-0 Bg7 5. d3 0-0 6. e4 d5 7. Nc3 dxe4 8. dxe4 Nc6 9. Be3 b6 10. Qe2 Bb7 11. h3 Qc7 12. Nb5 Ba6 13. Nh4 Rad8 14. Rfd1 Rxd1+ 15. Rxd1 Rd8 16. Nxc7 Bxe2 17. Rxd8+ Nxd8 18. f4 e5 19. Kf2 Bd1 20. c4 Bc2 21. Nb5 Nxe4+ 22. Bxe4 Bxe4 23. Nxa7 exf4 24. Bxf4 Ne6 25. Bc1 Bd3 26. b3 Bd4+ 27. Be3 Bb1 28. a4 Bxe3+ 29. Kxe3 Ba2 30. Nc8 Nd4 31. Nxb6 Nxb3 32. Kd3 Bb1+ 33. Kc3 Na5 34. Nd7 Nb7 35. Ne5 Be4 36. Nef3 h6 37. Nd2 Bc6 38. Nhf3 Bxa4 39. Ne5 Kg7 40. Ne4 f5 41. Nd2 Kf6 42. Nd3 Ke6 43. Nf4+ Kf6 44. Nb3 Bxb3 45. Kxb3 Nd6 46. Nd3 Ne4 47. Ka4 Nxg3 48. Nxc5 Ne4 49. Nd3 Kg5 50. Kb5 Nd6+ 51. Kc5 Nxc4 52. Kxc4 Kh4 53. Kd4 g5 54. Ke5 Kxh3 55. Kxf5 Kh4 56. Ne5 Kg3 57. Kg6 1/2-1/2

[Event "Niedersachsen-ch op-B"]
[Site "Verden"]
[Date "2015.01.03"]
[Round "4"]
[White "Rossberg, Justus"]
[Black "Helmer, Andreas"]
[Result "1-0"]
[WhiteElo "1335"]
[BlackElo "1718"]
[PlyCount "135"]
[EventDate "2015.01.02"]
[EventType "swiss"]
[EventRounds "7"]
[EventCountry "GER"]
[SourceTitle "EXT 2018"]
[Source "ChessBase"]
[SourceDate "2017.10.13"]
[SourceVersion "1"]
[SourceVersionDate "2017.10.13"]
[SourceQuality "1"]

1. c4 e6 2. Nc3 f5 3. Nf3 Nf6 4. g3 b6 5. Bg2 Bb7 6. 0-0 Bb4 7. a3 Bxc3 8. bxc3 0-0 9. d3 c5 10. Bf4 Qe7 11. a4 Nc6 12. Ne5 Rac8 13. a5 Nxa5 14. Bxb7 Nxb7 15. Rxa7 d6 16. Nf3 e5 17. Bg5 h6 18. Bd2 Rc7 19. Nh4 Qe6 20. Qb3 d5 21. cxd5 c4 22. Qxc4 Rxc4 23. dxe6 Rc7 24. Nxf5 Ne8 25. e4 Rf6 26. f4 Rxe6 27. fxe5 Kh7 28. Nd4 Ree7 29. Rb1 Nc5 30. Rxc7 Rxc7 31. Rxb6 Re7 32. Be3 Nxd3 33. e6 g6 34. Kf1 Ne5 35. Nc6 Rxe6 36. Nxe5 Rxe5 37. Rb7+ Kg8 38. Rb4 h5 39. Ke2 Nf6 40. Kf3 g5 41. Bd4 Re6 42. Rb6 Rxb6 43. Bxb6 Ng4 44. h4 Ne5+ 45. Ke2 g4 46. Bd4 Nf3 47. Ke3 Kf7 48. c4 Ke6 49. c5 Kd7 50. Kd3 Kc6 51. Kc4 Nd2+ 52. Kd3 Nf3 53. Bf2 Ne5+ 54. Kc3 Nf3 55. Bd4 Kd7 56. Kc4 Nd2+ 57. Kd5 Nf1 58. c6+ Kc7 59. Be5+ Kc8 60. Ke6 Nd2 61. Kf5 Nf3 62. Bd6 Nd4+ 63. Kg5 Nxc6 64. Kxh5 Kd7 65. Bf4 Ke6 66. Kxg4 Nd4 67. Kg5 Nf3+ 68. Kg6 1-0

[Event "Hannover-ch U16/18"]
[Site "Lehrte"]
[Date "2012.10.23"]
[Round "3"]
[White "Rossberg, Justus"]
[Black "Alpers, Simon"]
[Result "1-0"]
[WhiteElo "1086"]
[BlackElo "897"]
[PlyCount "85"]
[EventDate "2012.10.23"]
[EventType "swiss"]
[EventRounds "7"]
[EventCountry "GER"]
[SourceTitle "EXT 2021"]
[Source "ChessBase"]
[SourceDate "2020.10.23"]
[SourceVersion "1"]
[SourceVersionDate "2020.10.23"]
[SourceQuality "1"]

1. c4 e5 2. Nc3 Nf6 3. g3 Bc5 4. Bg2 d6 5. e4 Nc6 6. h3 Be6 7. d3 h6 8. Nge2 0-0 9. 0-0 Nd4 10. Kh2 Nxe2 11. Nxe2 a6 12. f4 b5 13. f5 Bd7 14. b3 g6 15. Bxh6 Re8 16. g4 Kh7 17. Bg5 Kg7 18. fxg6 Re6 19. gxf7 Kxf7 20. Ng3 Kg6 21. Bh4 Qh8 22. Bxf6 Rxf6 23. Rxf6+ Qxf6 24. Qf3 Qf4 25. Qxf4 exf4 26. Ne2 Rf8 27. Rf1 Kg5 28. d4 Ba7 29. e5 dxe5 30. dxe5 c6 31. h4+ Kxg4 32. Bh3+ Kxh4 33. Bxd7 f3 34. Ng3 Bb8 35. Re1 f2 36. Re4+ Kg5 37. Nf1 Rd8 38. Bxc6 Rd1 39. Kg2 Ba7 40. e6 Re1 41. e7 Rxe4 42. Bxe4 Bc5 43. e8Q 1-0

[Event "Hannover-ch U16/18"]
[Site "Lehrte"]
[Date "2012.10.23"]
[Round "7"]
[White "Rossberg, Justus"]
[Black "Renzelmann, Jannis"]
[Result "0-1"]
[WhiteElo "1086"]
[BlackElo "1331"]
[PlyCount "88"]
[EventDate "2012.10.23"]
[EventType "swiss"]
[EventRounds "7"]
[EventCountry "GER"]
[SourceTitle "EXT 2021"]
[Source "ChessBase"]
[SourceDate "2020.10.23"]
[SourceVersion "1"]
[SourceVersionDate "2020.10.23"]
[SourceQuality "1"]

1. c4 e5 2. Nc3 Nf6 3. e4 Bc5 4. g3 Nc6 5. Bg2 d6 6. h3 Be6 7. d3 h6 8. Nge2 Qd7 9. Qb3 Rb8 10. h4 0-0 11. Nd5 Bxd5 12. cxd5 Nd4 13. Nxd4 Bxd4 14. 0-0 Qg4 15. Kh2 Qe2 16. Qd1 Ng4+ 17. Kg1 Bxf2+ 18. Kh1 Qxd1 19. Rxd1 Bxg3 20. Kg1 Bxh4 21. Bf3 Bf2+ 22. Kg2 Ne3+ 23. Bxe3 Bxe3 24. b3 Bd4 25. Rac1 Rbc8 26. Bg4 Ra8 27. Rxc7 b6 28. Rdc1 Bc5 29. Bd7 a5 30. a4 g6 31. Rh1 h5 32. Kg3 Kg7 33. Be6 Kg8 34. Bd7 Rab8 35. Kh4 Be3 36. Kg3 Bg5 37. Bh3 Rfe8 38. Rf1 Re7 39. Rc6 b5 40. Rxd6 bxa4 41. bxa4 Bf4+ 42. Kh4 Kg7 43. Ra6 Kh6 44. d6 g5# 0-1

[Event "Hannover-ch U16"]
[Site "Lehrte"]
[Date "2010.10.11"]
[Round "5"]
[White "Rossberg, Justus"]
[Black "Danitz, Niels Luca"]
[Result "0-1"]
[WhiteElo "883"]
[BlackElo "901"]
[PlyCount "82"]
[EventDate "2010.10.09"]
[EventType "swiss"]
[EventRounds "7"]
[EventCountry "GER"]
[SourceTitle "EXT 2021"]
[Source "ChessBase"]
[SourceDate "2020.10.23"]
[SourceVersion "1"]
[SourceVersionDate "2020.10.23"]
[SourceQuality "1"]

1. e4 e5 2. Nf3 Nc6 3. Bc4 Bc5 4. 0-0 Nf6 5. d3 0-0 6. Bg5 d6 7. Nc3 Bg4 8. h3 Bh5 9. a3 Bd4 10. Nd5 Bxb2 11. Rb1 Bxa3 12. Nxf6+ gxf6 13. Bh6 Re8 14. c3 b6 15. Qb3 Bc5 16. g4 Bg6 17. Nh4 Na5 18. Qa2 Nxc4 19. Qxc4 f5 20. Nxf5 Bxf5 21. exf5 c6 22. d4 d5 23. Qd3 e4 24. Qd2 Bd6 25. Bg5 Qc7 26. Bh6 f6 27. g5 Bf4 28. Qe2 c5 29. c4 cxd4 30. cxd5 Rad8 31. Rfc1 Bxc1 32. Qh5 Bf4 33. Rd1 fxg5 34. Bxg5 Qg7 35. d6 Qxg5+ 36. Qxg5+ Bxg5 37. Rxd4 e3 38. Kf1 e2+ 39. Ke1 Rc8 40. d7 Rc1+ 41. Rd1 Rxd1# 0-1